Southern Africa Countries - Statistics

General Stats
  • This quiz has been taken 31 times
  • The average score is 8 of 11
Answer Stats
Answer % Correct
South Africa
96%
Botswana
88%
Lesotho
81%
Namibia
81%
Zambia
81%
Zimbabwe
81%
Eswatini
73%
Madagascar
73%
Mozambique
69%
Mauritius
58%
Malawi
50%
No matching quizzes found
Score Distribution
Percent of People with Each Score
Percentile by Number Answered
Your Score History
You have not taken this quiz